Optical fiber communications : (رقم التسجيلة. 35413)
[ عرض عادي ]
| 000 -الفاتح | |
|---|---|
| حقل البيانات ثابتة الطول | 01400cam a2200337 a 4500 |
| 001 - رقم الضبط | |
| رقم الضبط | 15270555 |
| 003 - محدد رقم الضبط | |
| رقم الضبط | OSt |
| 005 - وقت وتاريخ اخر تعامل مع التسجيلة | |
| رقم الضبط | 20150408114221.0 |
| 008 - عناصر البيانات ثابتة الطول - معلومات عامة | |
| حقل البيانات ثابتة الطول | 080421s2009 enka b 001 0 eng |
| 010 ## - رقم ضبط مكتبة الكونجرس | |
| رقم ضبط مكتبة الكونجرس | 2008018133 |
| 020 ## - الرقم الدولى المعيارى للكتب | |
| الرقم الدولى المعيارى للكتاب | 9780130326812 (alk. paper) |
| 020 ## - الرقم الدولى المعيارى للكتب | |
| الرقم الدولى المعيارى للكتاب | 013032681X (alk. paper) |
| 035 ## - رقم ضبط النظام | |
| رقم ضبط النظام | (OCoLC)ocn226304746 |
| 040 ## - مصدر الفهرسة | |
| وكالة الفهرسة الأصلية | DLC |
| وكالة النسخ | DLC |
| وكالة التعديل | BAKER |
| -- | BTCTA |
| -- | YDXCP |
| -- | OCLCG |
| -- | BWKUK |
| -- | BWK |
| -- | DLC |
| 050 00 - رقم طلب مكتبة الكونجرس | |
| رقم التصنيف | TK5103.59 |
| رقم المادة | .S46 2009 |
| 082 00 - رقم تصنيف ديوى العشرى | |
| رقم التصنيف | 621.382/75 |
| رقم الطبعة | 22 |
| رقم المادة | SJO |
| 100 1# - المدخل الرئيسى - إسم شخصى | |
| الإسم الشخصى | Senior, John M., |
| التواريخ المصاحبة للاسم | 1951- |
| 9 (RLIN) | 45970 |
| 245 10 - بيان العنوان | |
| العنوان | Optical fiber communications : |
| بقية العنوان | principles and practice / |
| بيان المسئوليه,etc | John M. Senior ; assisted by M. Yousif Jamro. |
| 250 ## - بيان الطبعة | |
| بيان الطبعة | 3rd ed. |
| 260 ## - PUBLICATION, DISTRIBUTION, ETC. (IMPRINT) | |
| مكان الناشر او الموزع | Harlow, England ; |
| -- | New York : |
| اسم الناشر او الموزع | Financial Times/Prentice Hall, |
| تاريخ النشر أو التوزيع | 2009. |
| 300 ## - الوصف المادى | |
| التعداد | l, 1075 p. : |
| تفاصيل ماديه اخرى للوعاء | ill. ; |
| أبعاد الوعاء | 24 cm. |
| 504 ## - تبصرة ببليوجرافية | |
| تبصرة ببليوجرافية,الخ | Includes bibliographical references and index. |
| 650 #0 - المدخل الاضافى بالموضوع-مصطلح موضوعى | |
| مصطلح موضوعي أو اسم جغرافي كعنصر مدخل | Optical communications. |
| 9 (RLIN) | 17915 |
| 650 #0 - المدخل الاضافى بالموضوع-مصطلح موضوعى | |
| مصطلح موضوعي أو اسم جغرافي كعنصر مدخل | Fiber optics. |
| 9 (RLIN) | 45971 |
| 700 1# - المدخل الاضافى - اسم شخصى | |
| الإسم الشخصى | Jamro, M. Yousif. |
| 9 (RLIN) | 45972 |
| 856 41 - الوصول و الموقع الالكترونى | |
| مواد محددة | Table of contents only |
| معرف المصدر الموحد | <a href="http://www.loc.gov/catdir/toc/ecip0816/2008018133.html">http://www.loc.gov/catdir/toc/ecip0816/2008018133.html</a> |
| 906 ## - عنصر بيانات محلى F, LDF (RLIN) | |
| a | 7 |
| b | cbc |
| c | orignew |
| d | 1 |
| e | ecip |
| f | 20 |
| g | y-gencatlg |
| 942 ## - عناصر المدخل الإضافي( كوها) | |
| مصدر التصنيف او مخطط الترفيف | Dewey Decimal Classification |
| Koha [default] item type | كتاب |
| حالة الفقد | نموذج السعر الفعال | حالة تلف | ليس للاعارة | رقم الطلب | تاريخ الاكتساب | الموقع الحالي | الباركود | الفرع الرئيسي | Date last seen | نوع المادة فى نظام كوها | مصدر التصنيف او خطة الترفيف | Total Checkouts | Date last checked out |
|---|---|---|---|---|---|---|---|---|---|---|---|---|---|
| 2014-07-07 | 621.382/75 SJO | 2014-07-07 | المكتبة المركزية بالمجمعة (CL) | 00651895 | المكتبة المركزية بالمجمعة (CL) | 2014-07-07 | كتاب | Dewey Decimal Classification | |||||
| 2014-07-07 | 621.382/75 SJO | 2014-07-07 | المكتبة المركزية بالمجمعة (CL) | 00651896 | المكتبة المركزية بالمجمعة (CL) | 2015-09-15 | كتاب | Dewey Decimal Classification | 1 | 2015-04-29 | |||
| 2014-07-07 | 621.382/75 SJO | 2014-07-07 | المكتبة المركزية بالمجمعة (CL) | 00651897 | المكتبة المركزية بالمجمعة (CL) | 2014-07-07 | كتاب | Dewey Decimal Classification | |||||
| 2014-07-07 | 621.382/75 SJO | 2014-07-07 | مكتبة مجمع الكليات بالزلفى - طلاب (SZM) | 00651898 | مكتبة مجمع الكليات بالزلفى - طلاب (SZM) | 2014-07-07 | كتاب | Dewey Decimal Classification | |||||
| 2014-07-07 | 621.382/75 SJO | 2014-07-07 | مكتبة مجمع الكليات بالزلفى - طلاب (SZM) | 00651899 | مكتبة مجمع الكليات بالزلفى - طلاب (SZM) | 2014-07-07 | كتاب | Dewey Decimal Classification |
